Kraje z najwyższym wskaźnikiem HDI - Statystyki

Ogólne statystyki
  • Ten quiz został rozwiązany 87 razy
  • Średni wynik to 41 z 49
Statystyki odpowiedzi
HDI Kraj % Poprawnych
0.942 Niemcy
99%
0.961 Norwegia
99%
0.921 Stany Zjednoczone
99%
0.947 Szwecja
99%
0.876 Polska
97%
0.962 Szwajcaria
97%
0.925 Japonia
96%
0.948 Dania
94%
0.939 Finlandia
94%
0.936 Kanada
94%
0.895 Włochy
94%
0.903 Francja
93%
0.937 Belgia
91%
0.905 Hiszpania
91%
0.941 Holandia
91%
0.930 Luksemburg
91%
0.866 Portugalia
91%
0.889 Czechy
90%
0.959 Islandia
88%
0.925 Korea Południowa
88%
0.935 Liechtenstein
88%
0.887 Grecja
87%
0.929 Wielka Brytania
87%
0.951 Australia
86%
0.848 Słowacja
86%
0.916 Austria
84%
0.937 Nowa Zelandia
84%
0.858 Chorwacja
83%
0.890 Estonia
83%
0.875 Litwa
83%
0.863 Łotwa
83%
0.875 Arabia Saudyjska
81%
0.945 Irlandia
81%
0.918 Słowenia
81%
0.846 Węgry
80%
0.858 Andora
78%
0.838 Turcja
78%
0.855 Katar
77%
0.853 San Marino
77%
0.911 Zjednoczone Emiraty Arabskie
74%
0.919 Izrael
71%
0.918 Malta
70%
0.842 Argentyna
68%
0.831 Kuwejt
68%
0.875 Bahrajn
67%
0.855 Chile
67%
0.896 Cypr
67%
0.832 Czarnogóra
41%
0.829 Brunei
39%
Nie znaleziono quizów pasujących do podanych kryteriów
Rozkład punktacji
Procent ludzi z każdym wynikiem
Percentyl według liczby udzielonych odpowiedzi
Twoja historia wyników
Nie rozwiązałeś tego quizu